Masterpieces up close : Western painting from the ... Read More
Available copies
- 1 of 1 copy available at LARL/NWRL Consortium.
- 1 of 1 copy available at Northwest Regional Library. (Show preferred library)
Current holds
0 current holds with 1 total copy.
Show Only Available Copies
| Location | Call Number / Copy Notes | Barcode | Shelving Location | Status | Due Date |
|---|---|---|---|---|---|
| Greenbush Public Library | j 759 DHA (Text) | 35500003832142 | Main | Available | - |
Record details
- ISBN: 9780811854030
- ISBN: 0811854035
- Physical Description: 63 p. : col. ill. ; 38 cm.
- Publisher: San Francisco, Calif. : Chronicle Books, 2005.
Search for related items by subject
| Subject: | Painting > Themes, motives > Juvenile literature. Painting > Appreciation > Juvenile literature. |
| LDR | 00952cam a22002538a 4500 | ||
|---|---|---|---|
| 001 | 70284 | ||
| 003 | LARL_NWRL_CONSORTIUM | ||
| 005 | 20050912152609.0 | ||
| 008 | 040712s2005 cau j 000 0 eng | ||
| 010 | . | ‡a2004016341 | |
| 020 | . | ‡a9780811854030 | |
| 020 | . | ‡a0811854035 | |
| 040 | . | ‡aDLC ‡cDLC ‡dDLC | |
| 041 | 1 | . | ‡aeng ‡hfre |
| 042 | . | ‡apcc | |
| 082 | 0 | 0. | ‡a759 ‡222 |
| 100 | 1 | . | ‡aD'Harcourt, Claire, ‡d1960- ‡0(LARL_NWRL_CONSORTIUM)187592 |
| 240 | 1 | 0. | ‡aChefs d'oeuvre a la loupe. ‡lEnglish |
| 245 | 1 | 0. | ‡aMasterpieces up close : ‡bWestern painting from the 14th to 20th centuries / ‡cby Claire d'Harcourt. |
| 260 | . | ‡aSan Francisco, Calif. : ‡bChronicle Books, ‡c2005. | |
| 300 | . | ‡a63 p. : ‡bcol. ill. ; ‡c38 cm. | |
| 650 | 0. | ‡aPainting ‡xThemes, motives ‡vJuvenile literature. | |
| 650 | 0. | ‡aPainting ‡xAppreciation ‡vJuvenile literature. ‡0(LARL_NWRL_CONSORTIUM)170141 | |
| 901 | . | ‡a70284 ‡bISxN ‡c70284 ‡tbiblio | |

Add to basket
Permalink
Enable Highlighting